000 00539nam a2200205Ia 4500
005 20230803143559.0
008 131103s9999 xx 000 0 und d
020 _a8171568386
_cRs 295
040 _aLoreto College
041 _aEnglish
082 _a907.2
_bJAY
100 _aJayapalan, N
245 _aHistoriography
_cN. Jayapalan
260 _aNew Delhi
_bAtlantic Publishers and Distributors
_c2002
300 _a138p
504 _aIncludes bibliography and index
650 _aHistoriography
850 _aLCLIB
942 _cBK
999 _c4968
_d55447